Κυρίλλου Ιεροσολύμων : άπαντα τα έργα
Αποθηκεύτηκε σε:
| Κύριος συγγραφέας: | |
|---|---|
| Άλλοι συγγραφείς: | , |
| Μορφή: | Βιβλίο |
| Γλώσσα: | Greek Ancient Greek |
| Δημοσίευση: |
Θεσσαλονίκη :
Το Βυζάντιον,
1994.
|
| Σειρά: | Έλληνες Πατέρες της Εκκλησίας ;
124-125 |
| Θέματα: | |
| Ετικέτες: |
Προσθήκη ετικέτας
Δεν υπάρχουν, Καταχωρήστε ετικέτα πρώτοι!
|
MARC
| LEADER | 00000cam a2200000 i 4500 | ||
|---|---|---|---|
| 001 | 1/40094 | ||
| 008 | 070118m19949999gr g| ||| |||| ||gre|| | ||
| 035 | |l 10086749 | ||
| 040 | |a GR-MyUa |b gre |e AACR2 | ||
| 041 | 0 | |a gre |a grc | |
| 082 | 0 | |a 270.092 |2 (22) | |
| 100 | 0 | |a Κύριλλος |b Α', |c Επίσκοπος Ιεροσολύμων, |d π. 313-386; | |
| 245 | 1 | 0 | |a Κυρίλλου Ιεροσολύμων : |b άπαντα τα έργα / |c [Κύριλλος Ιεροσολύμων] ; επόπτης - επιμελητής εκδόσεως Ελευθ. Γ. Μερετάκης ; κείμενο - μετάφραση - σχόλια από τον Παναγιώτη Παπευαγγέλου. |
| 260 | |a Θεσσαλονίκη : |b Το Βυζάντιον, |c 1994. | ||
| 300 | |a 2 τ. ; |c 22 εκ. | ||
| 490 | 1 | |a (Έλληνες Πατέρες της Εκκλησίας ; |v 124-125) | |
| 505 | 8 | |a T. 1. Κατηχήσεις φωτιζομένων (Α'-ΙΒ') -- τ. 2. Κατηχήσεις φωτιζομένων (ΙΓ'-ΙΗ'). | |
| 650 | 0 | |a Theology |x Early works to 1800. | |
| 650 | 0 | |a Apologetics |v Early works to 1800. | |
| 700 | 1 | |a Μερετάκης, Ελευθέριος, |e edt [Επιμελητής] | |
| 700 | 1 | |a Παπαευαγγέλου, Παναγιώτης Σ. |e trl [Μεταφραστής] | |
| 830 | 0 | |a Έλληνες Πατέρες της Εκκλησίας ; |v 124-125 | |
| 852 | |a INST |b RHODES |c KRI |e 20070118 |h 270.092 ΚΥΡ |p 005400027231 |q 005400027231 |t BK |v τ.1: |y 0 |z τ.1 | ||
| 852 | |a INST |b RHODES |c KRI |e 20070118 |h 270.092 ΚΥΡ |p 005400027235 |q 005400027235 |t BK |v τ.2: |y 0 |z τ.2 | ||
| 853 | |a INST |b RHODES |c KRI |h 270.092 ΚΥΡ | ||
| 901 | |a BIBL4-2007-1 | ||
| 970 | |a ΚΟΖΑ |b ΜΑΡΙΑ |z 2007/01/18 | ||